Swelling behaviour of short sisal fibre reinforced natural rubber composites (Record no. 70098)

MARC details
000 -LEADER
fixed length control field 00398nam a2200121Ia 4500
100 ## - MAIN ENTRY--AUTHOR NAME
Personal name Varghese S
245 #0 - TITLE STATEMENT
Title Swelling behaviour of short sisal fibre reinforced natural rubber composites
260 ## - PUBLICATION, DISTRIBUTION, ETC. (IMPRINT)
Name of publisher Proceedings of the sixth Kerala Science Congress, 1994, Trivandrum, pp. 432
Year of publication 1994
700 ## - ADDED ENTRY--PERSONAL NAME
Personal name Kuriakose B
700 ## - ADDED ENTRY--PERSONAL NAME
Personal name Thomas S
942 ## - ADDED ENTRY ELEMENTS (KOHA)
Koha item type Journals
Holdings
Withdrawn status Lost status Damaged status Not for loan Home library Current library Date acquired Koha item type
      Journals RRII Library RRII Library 17/12/2021 Journals